| 000 | 00541nam a2200181Ia 4500 | ||
|---|---|---|---|
| 003 | GCL | ||
| 008 | 140319s9999 xx 000 0 ara d | ||
| 040 |
_aGCL / _cGCL |
||
| 082 | 0 | 4 |
_a812.009 _bع م |
| 100 | 1 | _aعبدالقادر القط | |
| 245 | 1 | 0 |
_aمن فنون الادب : المسرحية / _cعبدالقادر القط |
| 300 | _a322 ص | ||
| 490 | _a | ||
| 650 | 0 | 4 | _aالادب العربى |
| 650 | 0 | 4 | _aالمسرحية العربية |
| 650 | 0 | 4 | _aالمسرحية العربية - تاريخ ونقد |
| 942 |
_2ddc _cBK |
||
| 999 |
_c39063 _d39063 |
||